table des 23 - Statistiques

Statistiques générales
  • Ce quiz a été pris 29 fois
  • Le résultat moyen est 59 sur 68
Statistiques - réponses
23 x .. = % Correct
44 1012
100%
45 1035
100%
46 1058
100%
47 1081
100%
48 1104
100%
49 1127
100%
52 1196
100%
55 1265
100%
56 1288
100%
57 1311
100%
58 1334
100%
63 1449
100%
64 1472
100%
66 1518
100%
71 1633
100%
76 1748
100%
77 1771
100%
79 1817
100%
25 575
100%
26 598
100%
27 621
100%
29 667
100%
31 713
100%
33 759
100%
34 782
100%
37 851
100%
38 874
100%
39 897
100%
43 989
100%
53 1219
86%
54 1242
86%
59 1357
86%
61 1403
86%
62 1426
86%
65 1495
86%
68 1564
86%
69 1587
86%
72 1656
86%
73 1679
86%
74 1702
86%
75 1725
86%
78 1794
86%
81 1863
86%
82 1886
86%
97 2231
86%
99 2277
86%
28 644
86%
32 736
86%
35 805
86%
36 828
86%
41 943
86%
42 966
86%
51 1173
71%
67 1541
71%
83 1909
71%
84 1932
71%
85 1955
71%
86 1978
71%
91 2093
71%
95 2185
71%
87 2001
57%
88 2024
57%
89 2047
57%
92 2116
57%
93 2139
57%
94 2162
57%
96 2208
57%
98 2254
57%
Aucun quiz correspondant
Distribution des résultats
% des personnes avec chaque résultat
Percentile par nombre de réponses
Votre historique - résultats
Vous n’avez pas pris ce quiz